| 000 | 02772nam a2200625 i 4500 | ||
|---|---|---|---|
| 999 |
_c2787 _d2787 |
||
| 001 | 020375671 | ||
| 003 | UkOxU | ||
| 005 | 20230821112202.0 | ||
| 006 | g||| | |q v| | ||
| 006 | innnnj n | ||
| 006 | m jq | | ||
| 007 | vd cvaizu | ||
| 007 | sd fungnnmmned | ||
| 007 | co nga---uuuuu | ||
| 007 | cr ||||||||||| | ||
| 007 | ta | ||
| 008 | 150909s2015 enka 000 0 eng c | ||
| 020 |
_a9781107467552 _qTeacher's book |
||
| 040 |
_aUkOxU _beng _erda _cUkOxU _dKH8 |
||
| 042 | _aukscp | ||
| 049 | _aCROBAR | ||
| 082 | _a428.24 HOL | ||
| 100 | 1 |
_aHolcombe, Garan, _eauthor. |
|
| 245 | 1 | 0 |
_aEyes open. _n2 : _bTeacher's Book / _cGaran Holcombe. |
| 264 | 1 |
_aCambridge, United Kingdom : _bCambridge University Press, _c2015- |
|
| 264 | 4 | _c©2015 | |
| 300 |
_a3 volumes : _billustrations (some colour) ; _c30 cm. |
||
| 336 |
_atext _2rdacontent |
||
| 336 |
_aspoken word _2rdacontent |
||
| 336 |
_atwo-dimensional moving image _2rdacontent |
||
| 336 |
_acomputer program _2rdacontent |
||
| 337 |
_aunmediated _2rdamedia |
||
| 337 |
_aaudio _2rdamedia |
||
| 337 |
_avideo _2rdamedia |
||
| 337 |
_acomputer _2rdamedia |
||
| 338 |
_avolume _2rdacarrier |
||
| 338 |
_aaudio disc _2rdacarrier |
||
| 338 |
_avideodisc _2rdacarrier |
||
| 338 |
_acomputer disc _2rdacarrier |
||
| 338 |
_aonline resource _2rdacarrier |
||
| 344 |
_adigital _boptical _2rda |
||
| 347 |
_atext file _2rda |
||
| 347 |
_aaudio file _bCD audio _2rda |
||
| 347 |
_avideo file _2rda |
||
| 347 |
_aprogram file _2rda |
||
| 440 |
_aEyes Open _n2 |
||
| 500 | _aOnline resources available to registered users only. | ||
| 500 | _a"Discovery education." | ||
| 520 | _aCaptivating Discovery Education™ video and stimulating global topics spark curiosity and engage teenage learners. Developed in partnership with Discovery Education ™, Eyes Open features captivating Discovery Education™ video and stimulating global topics to motivate students and spark their curiosity. Four videos in every unit make learning relevant and create opportunities for deeper understanding. Guided, step-by-step activities and personalised learning tasks lead to greater speaking and writing fluency. Progress monitoring tools and flexible teaching support, including graded tests and extra practice activities, ensure every learner can achieve success. The Teacher's Book offers full support including lesson plans, audio scripts, answer keys, extra games and activities, tips for mixed ability classes and CEFR mapping by unit. | ||
| 521 | _aPart 2 of a 4-level course for lower-secondary students. | ||
| 588 | _aDescription based on Teacher's book. | ||
| 650 | 0 |
_aEnglish language _xStudy and teaching (Secondary) |
|
| 710 | 2 | _aDiscovery Education (Firm) | |
| 942 |
_2ddc _cTR |
||